Statistics for Animals In Lyrics

Click here to take the quiz!

General Stats

  • This quiz has been taken 44 times
  • The average score is 10 of 13

Answer Stats

Group/SingerLyricAnimal% Correct
Sarah HaleMary had a little ... It's fleece was white as snow.Lamb
97%
The TokensIn the jungle, the mighty jungle, the... sleeps tonight.Lion
95%
Baha MenWho let the...out?Dogs
92%
SurvivorAnd he's watchin' us all with the eye of the ...Tiger
92%
Patti PageHow much is that... in the window? I do hope that... for sale.Doggie
86%
Culture ClubKarma, Karma, Karma, Karma, Karma...Chameleon
84%
Elvis PresleyYou ain't nothing but a ...crying all the time.Hound Dog
81%
Duran DuranSmell like I sound, I'm lost in a crowd, and I'm hungry like the...Wolf
81%
Elton JohnBut the biggest kick I ever got, was doing a thing called the...RockCrocodile
76%
AmericaI've been through the desert on a ... with no name. It felt good to be out of the rain.Horse
76%
PrinceThis is what it sounds like, when... cry.Doves
68%
Katy PerryBaby do you dare to do this, 'cause I'm coming atcha like a dark...Horse
49%
Bob MarleySaid he was a...Soldier, dreadlock Rasta...Soldier, in the heart of AmericaBuffalo
41%

Score Distribution

Percentile by Number Answered

Percent of People with Each Score

Your Score History

You have not taken this quiz